| 000 | 01547nam a2200277Ia 4500 | ||
|---|---|---|---|
| 999 |
_c55968 _d55968 |
||
| 001 | 23067 | ||
| 003 | GE_BSU | ||
| 005 | 20230707111212.0 | ||
| 008 | 181216s1979||||ge |||||||||||||| ||geo|| | ||
| 040 | _cGE_BSU | ||
| 041 | _ageo | ||
| 080 | _a821.14'01-21 ე-34 | ||
| 100 |
_aევრიპიდე _915553 |
||
| 245 |
_aბაკხი ქალები ; იფიგენია ავლისში : ტრაგედიები / _cძვ. ბერძნულიდან თარგმნეს ზ. კიკნაძემ და გ. სარიშვილმა ; წინასიტყვ. ავტ. ვ. ბააკაშვილი. |
||
| 264 |
_aთბილისი : _bნაკადული, _c1979. |
||
| 300 |
_a184 გვ. : _bილ. ; _c20 სმ. |
||
| 541 | _h0,50თ. | ||
| 653 | _aანტიკური კულტურა | ||
| 653 | _aბაკხი ქალები | ||
| 653 | _aიფიგენია ავლისში | ||
| 653 | _aტრაგედიები | ||
| 700 |
_aკიკნაძე, ზ. _eმთარგმნელი _98082 |
||
| 700 |
_aსარიშვილი, გ. _eმთარგმნელი _917958 |
||
| 710 |
_aსაქართველოს მწერალთა კავშირთან არსებული მხატვრული თარგმანისა და ლიტერატურულ ურთიერთობათა მთ. სარედ. კოლეგია _919188 |
||
| 942 |
_cBK _2udc |
||